| 000 | 00932nam0a22002651 4500 | ||
|---|---|---|---|
| 001 | rc\3694835 | ||
| 005 | 20250610062242.0 | ||
| 035 | _a(NLR Aleph) 007759198 | ||
| 090 |
_a7347384 _c7347384 |
||
| 100 | _a20130115d1973 |||y0rusy50 ca | ||
| 101 | 0 | _arus | |
| 102 | _aRU | ||
| 105 | _aa z ||||| | ||
| 200 | 1 | _aПосадочный удар гидросамолета | |
| 210 |
_aМосква _cИзд. отд. ЦАГИ _d1973 |
||
| 215 |
_a21 с. _cил. _d25 |
||
| 225 | 1 |
_aТруды Центрального аэрогидродинамического института имени профессора Н.Е. Жуковского _vВып. 1473 |
|
| 320 | _aБиблиогр.: с. 21 | ||
| 333 | _aДля служебного пользования. Экз. № 06 | ||
| 700 | 1 |
_aКессених _bА.Н. |
|
| 801 | 0 |
_aRU _bNLR _gpsbo |
|
| 801 | 1 |
_aRU _bELAR _2rusmarc |
|
| 852 |
_aNLR _jП11/665 |
||
| 942 | _cBOOK | ||
| 980 | _aNB | ||